| 000 | 01122nam a2200301 c 4500 | ||
|---|---|---|---|
| 003 | BLK | ||
| 005 | 20221012105817.0 | ||
| 008 | 180411b bul|||||r ||||||| ||bul|| | ||
| 010 | _aKNG00175175000 | ||
| 020 |
_a978-619-164-111-6 _bиздат.: Enthusiast |
||
| 040 | _aBLK | ||
| 041 |
_aBUL _cBUL |
||
| 072 | 7 |
_2bullib _aН84 _xБългарска художествена литература Н |
|
| 080 |
_aБългарска литература _b821.163.2 _x-32 _z821.163.2-32 |
||
| 100 | 1 |
_aСтоянов, Светлозар Колев _eпърви автор _9297519 |
|
| 139 |
_aСтоянов, Светлозар Колев _bС 83 |
||
| 245 | 1 | 0 |
_aГравюра от белези _bРазкази _cСветлозар Колев Стоянов. |
| 257 | _aBGR | ||
| 260 |
_аСофия _bEnthusiast _c2014 _fХасково : Полиграф-Юг |
||
| 300 |
_a194 с. _c20 см |
||
| 380 | _aX | ||
| 659 | _aН | ||
| 852 | _aЦб 274237 | ||
| 856 | 4 |
_qpdf _u |
|
| 856 | 4 |
_qpdf _u |
|
| 942 |
_cKNG _n0 _01 |
||
| 944 |
_aCR _c13.05.2015 _kВиолета_Тройчева |
||
| 944 |
_aED _c30.09.2015 _kНаталия_Медовщикова |
||
| 999 |
_c167377 _d167377 |
||